[Event "IBCA-ol blind 12th"]
[Site "La Pineda"]
[Date "2004.11.05"]
[Round "3.3"]
[White "Suder, Ryszard"]
[Black "Marendic, Vlatko"]
[Result "1-0"]
[WhiteElo "2242"]
[BlackElo "2090"]
[PlyCount "75"]
[EventDate "2004.11.03"]
[EventType "team-swiss"]
[EventRounds "9"]
[EventCountry "ESP"]
[SourceTitle "EXT 2010"]
[Source "ChessBase"]
[SourceDate "2010.11.25"]
[SourceVersion "1"]
[SourceVersionDate "2010.11.25"]
[SourceQuality "1"]
[WhiteTeam "Poland (blind)"]
[BlackTeam "Croatia (blind)"]
[WhiteTeamCountry "POL"]
[BlackTeamCountry "CRO"]

1. e4 c5 2. Nf3 Nc6 3. Bb5 g6 4. 0-0 Bg7 5. c3 Nf6 6. Re1 0-0 7. d4 d5 8. e5 Ne4 9. Nbd2 cxd4 10. cxd4 Nxd2 11. Bxd2 Bd7 12. Bf1 Qb6 13. Bc3 Bg4 14. Be2 f6 15. Qb3 Qxb3 16. axb3 fxe5 17. Nxe5 Nxe5 18. dxe5 Bxe2 19. Rxe2 e6 20. Bd4 Rfc8 21. f4 a6 22. Kf2 Rc6 23. Ke3 Rf8 24. Rf2 Bh6 25. Raf1 g5 26. f5 g4+ 27. Kd3 Rxf5 28. Rxf5 exf5 29. Rxf5 Bf8 30. Rg5+ Rg6 31. Rf5 Rh6 32. Bg1 b6 33. Rg5+ Kf7 34. Rxg4 Bc5 35. Bd4 Rxh2 36. b4 Bxb4 37. Bxb6 h5 38. Rxb4 1-0

[Event "Pula op 16th"]
[Site "Pula"]
[Date "2002.05.12"]
[Round "1"]
[White "Loncar, Robert"]
[Black "Marendic, Vlatko"]
[Result "1-0"]
[WhiteElo "2436"]
[BlackElo "2087"]
[PlyCount "33"]
[EventDate "2002.05.12"]
[EventType "swiss"]
[EventRounds "9"]
[EventCountry "CRO"]
[SourceTitle "CBM 088 Extra"]
[Source "ChessBase"]
[SourceDate "2002.07.01"]
[SourceVersion "2"]
[SourceVersionDate "2002.07.01"]
[SourceQuality "1"]

1. e4 c5 2. Nf3 Nc6 3. Bb5 e6 4. 0-0 Nge7 5. c3 d6 6. Ba4 c4 7. Bc2 b5 8. b3 d5 9. bxc4 bxc4 10. exd5 Nxd5 11. Na3 Na5 12. Ba4+ Bd7 13. Ne5 Nb6 14. Qf3 f6 15. Bxd7+ Nxd7 16. Qh5+ g6 17. Nxg6 1-0